000 00452cam a2200145 4500500
005 20251012003931.0
041 _afre
042 _adc
100 1 0 _aGamblin, Guillaume
_eauthor
245 0 0 _aÉcologies et Silence : histoires entrecroisées
260 _c2021.
500 _a68
786 0 _nSilence | 500 | 6 | 2021-06-06 | p. 10-15 | 0756-2640
856 4 1 _uhttps://shs.cairn.info/revue-silence-2021-6-page-10?lang=fr&redirect-ssocas=7080
999 _c1513678
_d1513678